Community involvement (Record no. 74355)
[ view plain ]
| 000 -LEADER | |
|---|---|
| fixed length control field | 01325cab a2200265 4500 |
| 001 - CONTROL NUMBER | |
| control field | ABS67651 |
| 008 - FIXED-LENGTH DATA ELEMENTS--GENERAL INFORMATION | |
| fixed length control field | 040402n2004 000 0 eng u |
| 035 ## - SYSTEM CONTROL NUMBER | |
| System control number | (Sirsi) u125737 |
| 100 ## - MAIN ENTRY--PERSONAL NAME | |
| Personal name | Smulian, M. |
| 245 ## - TITLE STATEMENT | |
| Title | Community involvement |
| 260 ## - PUBLICATION, DISTRIBUTION, ETC. | |
| Date of publication, distribution, etc. | 2004 |
| 490 ## - SERIES STATEMENT | |
| Series statement | Planning (for the Natural and Built Environment) |
| Volume/sequential designation | (1562) 26 March 2004, 14-16(3) |
| 520 ## - SUMMARY, ETC. | |
| Summary, etc. | With greater emphasis on community involvement in the planning process "Help at hand to public's patronage" highlights opportunities for public relation firms and planning consultants in an advisory role. "Time for listening to local people" analyses the implications of draft Planning Policy Statement 1 (PPS1) which sets out the key principles for community consultation. "How to survive consultation" describes how Ipswich, one of the first planning authorities to try out the procedures proposed in the Planning and Compulsory Purchase Bill, consulted with the local community on the Suffolk Structure Plan. |
| 590 ## - LOCAL NOTE (RLIN) | |
| Local note | ABS |
| 650 ## - SUBJECT ADDED ENTRY--TOPICAL TERM | |
| Topical term or geographic name entry element | COMMUNITY INVOLVEMENT |
| 650 ## - SUBJECT ADDED ENTRY--TOPICAL TERM | |
| Topical term or geographic name entry element | CONSULTATION |
| 650 ## - SUBJECT ADDED ENTRY--TOPICAL TERM | |
| Topical term or geographic name entry element | PLANNING AND COMPULSORY PURCHASE ACT 2004 |
| 650 ## - SUBJECT ADDED ENTRY--TOPICAL TERM | |
| Topical term or geographic name entry element | LOCAL PLAN |
| 650 ## - SUBJECT ADDED ENTRY--TOPICAL TERM | |
| Topical term or geographic name entry element | PLANNING POLICY STATEMENT ONE |
| 650 ## - SUBJECT ADDED ENTRY--TOPICAL TERM | |
| Topical term or geographic name entry element | PLANNING CONSULTANTS |
| 650 ## - SUBJECT ADDED ENTRY--TOPICAL TERM | |
| Topical term or geographic name entry element | LOBBYING |
| 690 ## - LOCAL SUBJECT ADDED ENTRY--TOPICAL TERM (OCLC, RLIN) | |
| Topical term or geographic name as entry element | PLANNING |
| 700 ## - ADDED ENTRY--PERSONAL NAME | |
| Personal name | Shillam, W. |
| 942 ## - ADDED ENTRY ELEMENTS (KOHA) | |
| Suppress in OPAC | 0 |
| Withdrawn status | Lost status | Source of classification or shelving scheme | Damaged status | Not for loan | Home library | Current library | Shelving location | Date acquired | Total Checkouts | Full call number | Barcode | Date last seen | Copy number | Price effective from | Koha item type |
|---|---|---|---|---|---|---|---|---|---|---|---|---|---|---|---|
| Dewey Decimal Classification | London | London | Journal article | 02/04/2004 | ABS67651 | 125737-1001 | 06/08/2019 | 1 | 06/08/2019 | Journal article |